MLB Logos to State - Statistics

General Stats
  • This quiz has been taken 113 times
  • The average score is 23 of 30
Answer Stats
Picture Answer % Correct
Maryland
94%
Michigan
91%
New York
88%
California
86%
Washington
85%
Colorado
83%
Florida
81%
Missouri
81%
New York
81%
Pennsylvania
81%
Illinois
80%
Washington D.C.
80%
California
77%
California
77%
Texas
77%
Massachusetts
76%
Missouri
76%
Arizona
74%
Georgia
74%
Texas
74%
California
73%
Florida
73%
Wisconsin
73%
California
72%
Pennsylvania
72%
Illinois
71%
Ohio
71%
Ohio
71%
Minnesota
66%
Ontario
64%
No matching quizzes found
Score Distribution
Percent of People with Each Score
Percentile by Number Answered
Your Score History
You have not taken this quiz